000 00664nam a22001935i 4500
001 158316
003 ES-MaACL
005 20230906211108.0
008 040827s1861 gw |||| | eng d
040 _aCAM
_bspa
_cCAM
100 1 _aLytton, Edward Bulwer Lytton
_cBaron.
_974965
245 1 2 _aA strange story /
_cby sir Edward Bulwer Lytton, Bart.
260 _aLeipzig :
_bBernhard Tauchnitz,
_c1861.
300 _a2 v. (300; 390 p.) ;
_c16 cm.
490 1 _aCollection of british authors ;
_v569; 570
830 0 _aCollection of british authors ;
_v569; 570
_9180703
852 _aES-MaACL
_jG-12207
_z-- Enc. hol.
_z-- 2 t. en 1 v.
999 _c158316
_d158316